[Event "36th Olympiad"]
[Site "Calvia ESP"]
[Date "2004.10.17"]
[Round "3"]
[White "Kulaots, Kaido"]
[Black "Vaganian, Rafael A"]
[Result "0-1"]
[WhiteElo "2597"]
[BlackElo "2640"]
[Annotator "Rahal, M"]
[PlyCount "50"]
[EventDate "2004.10.15"]
[Source "EDAMI"]
[SourceDate "2006.12.20"]

{Esta partida se disputó en la tercera ronda, en el enfrentamiento entre
Armenia y Estonia. Vaganian pone en práctica la "Variante Armenia" de la
Winawer en la  Francesa. Junto a los GM Lputian y Eingorn, Vaganian es el
máximo defensor de esta variante, y conoce todos sus secretos como nadie. Vean
como derrota a un 2600 con negras en 25  movimientos, y es que la Defensa
Francesa tiene estas cosas en manos de gente como Vaganian.} 1. e4 e6 2. d4 d5
3. Nc3 Bb4 4. e5 c5 5. a3 Ba5 {La  Variante Armenia se caracteriza por esta
retirada en lugar de la habitual 5...Bxc3. En principio la teoría considera
que las blancas obtienen mejor juego, pero en la práctica las negras han
encontrado muchas ideas interesantes, y por ello cada vez hay más jugadores
que la practican.} 6. b4 {Considerado el mejor movimiento. Para aquellos
jugadores que prefieran huir de las complicaciones recomiendo la sólida 6.Bd2}
cxd4 (6... cxb4 $6 7. Nb5 $1 bxa3+ 8. c3 {
con excelente compensación por el peón. 8.Bd2 también es buena.}) 7. Qg4 {
La alternativa posicional es 7.Nb5, que después de 7...Bc7 conduce aposiciones
más tranquilas, donde las blancas suelen disfrutar de la pareja de alfiles a
cambio de ciertas debilidades a lo largo de la columna "c". La jugada del
texto nos lleva a posiciones parecidas a la variante principal de la Winawer.}
Ne7 8. bxa5 ({La alternativa} 8. Nb5 Bc7 9. Qxg7 Rg8 10. Qxh7 a6 11. Nxc7+ Qxc7
12. Ne2 Qxe5 13. Bb2 Qf6 14. f4 {es otra opción, que lleva a una posición muy
compleja con opciones para ambos jugadores.}) 8... dxc3 9. Qxg7 Rg8 10. Qxh7
Nbc6 {Esta variante es realmente muy similar a la línea tras 7.Qg4 Qc7 en la
Winawer con 5...Bxc3, pero en esta variante las negras no pierden peón, ya que
el de a5 se recupera, y el peón negro de c3 sigue en la partida.} 11. f4 (11.
Nf3 {es la otra manera de defender el peón de e5 que además puede plantear la
amenaza Ng5 en algunas variantes.  Las negras pueden capturar Qxa5 o bien
desarollar atacando e5 con Qc7.}) 11... Qxa5 12. Nf3 Bd7 13. Rb1 ({Contra} 13.
Ng5 {es interesante, aunque arriesgada} Rxg5 $5 14. fxg5 O-O-O 15. Qxf7 Nf5 {
con idea de Nxe5, o bien Qa4 en función de la respuesta blanca.}) 13... O-O-O
14. Qd3 d4 {Ésta es la posición clave de la variante. Capturar el peón con 15.
Nxd4 es muy arriesgado, ya que tras 15...Nxd4 16.Qxd4 Bc6 la compensación es
brutal y la falta de desarrollo de las  blancas se vuelve muy preocupante.} 15.
g3 {Temática. Las  blancas planean terminar tranquilamente su desarrollo con
Bg2 y 0-0. En la mayoría de las partidas que se habían jugado con esta línea,
las negras respondían con el plan Nf5, Nc-e7 y Bc6, pero las blancas estaban
puntuando bien con un Ng5 a tiempo. Vaganian introduce una idea nueva, fruto
de horas de preparación en su laboratorio particular.} Kb8 16. Bg2 Bc8 $5 {
Ésta es la nueva idea. El  alfil saldrá por a6 después de b6. No es nada facil
refutar una idea así sobre el tablero.} 17. Ng5 $6 {Es la jugada que da el
Fritz,ya que plantea la amenaza 18.Nxf7, pero Vaganian lo tiene controlado.
Por otra parte 18.Rb5 Qc7 amenazando 19...b6 y 20...Ba6 no parece mejor, pero
a considerar era 18.Qb5!? buscando el cambio de damas.} b6 $1 {
Parece mala, pero Vaganian lo ha previsto todo.} 18. Bxc6 Nxc6 19. Nxf7 Ba6 20.
Nxd8 {# Ahora se ve la razón de 18.Bxc6: si ahora 20...Bxd3 entonces 21.Nxc6+
recupera la dama con ventaja decisiva. Sin embargo el jugador armenio
introduce un sacrificio de calidad que sin duda venía preparado.} Rxd8 $1 21.
Qe4 d3 $1 {Ahora el blanco tiene graves problemas. Está sin enrocar y todas
las piezas negras atacan su posición.} 22. Be3 ({
Otras jugadas pierden rápidamente, por ejemplo:} 22. Qxc6 d2+ 23. Bxd2 cxd2+
24. Kf2 Bb7 $19) (22. cxd3 c2+ 23. Rb4 Nxb4 24. Qxb4 Qd5 $19) 22... dxc2 23.
Rc1 Qb5 $19 {Se amenaza mate en e2, pero también otras jugadas como Bb7 o Qb1
(en algunos casos). Las blancas han sucumbido a otro típico ataque de la
Winawer, donde el alfil "malo" de la Francesa asesta el golpe decisivo.} 24.
Rxc2 (24. Qxc2 Rd2 $1 $19) (24. Qg2 Qd3 $19) 24... Bb7 25. Kf2 Nd4 (25... Nd4
26. Qxd4 Rxd4 27. Bxd4 Qd3 {y las blancas pierden mucho material.}) 0-1

[Event "36th Olympiad"]
[Site "Calvia ESP"]
[Date "2004.10.17"]
[Round "3"]
[White "Rozentalis, Eduardas"]
[Black "Vallejo Pons, Francisco"]
[Result "0-1"]
[WhiteElo "2595"]
[BlackElo "2678"]
[Annotator "Ubilava, E"]
[PlyCount "64"]
[EventDate "2004.10.15"]
[Source "EDAMI"]
[SourceDate "2006.12.20"]

{La actuación de Vallejo en la Olimpiada, sobre todo en la primera parte, ha
dejado una fuerte impresión. Su estilo es alegre y dinámico e intenta siempre
aplicar las recetas que exige la posición. Cuando consigue la iniciativa es
imparable, como en la presente partida, donde su rival quedó seducido por el
peón central, pero mediante varias jugadas intermedias, el gran maestro
español logró ventaja decisiva y muy pronto destrozó a su rival.} 1. e4 e6 {
Es importante saber elegir la apertura contra adversarios diferentes, por
ejemplo no me parece una buena idea jugar contra Rozentalis la siciliana,
porque juega 2.c3 y es muy dificil conseguir una contrapartida.} 2. d4 d5 3.
Nd2 Be7 4. Bd3 c5 5. dxc5 Nf6 6. Qe2 O-O 7. Ngf3 a5 8. e5 ({
Otra opción, quizás más adecuada sería} 8. O-O) 8... Nfd7 9. h4 h6 ({
Hoy día nadie cometería un error como} 9... Nxc5 $4 {por} 10. Bxh7+ Kxh7 11.
Ng5+ Kg6 12. Qg4 Bxg5 ({pierde} 12... f5 13. h5+ Kh6 14. Nf7+ Kh7 15. Qg6+ Kg8
16. Nxd8) 13. Nf3 f5 14. exf6 Qxf6 15. hxg5 {y las blancas ganan.}) 10. c3 Nxc5
11. Bc2 f5 12. exf6 ({Había otra alternativa:} 12. Nb3 Ne4 13. Nbd4 Nc6 14. Bf4
{con una posición compleja y más o menos equilibrada.}) 12... Bxf6 13. Ne5 ({
Supongo que las blancas han calculado también otras variantes como} 13. Ng5
Bxg5 ({no vale} 13... hxg5 $2 {por} 14. Qh5) ({pero es interesante} 13... e5 $1
14. Nh7 Rf7 15. Bg6 Rc7 16. Qh5 Ra6) 14. hxg5 Qxg5 15. Kf1 Qf6 16. Nf3 Nc6 {
y las negras pueden mantener un peón de ventaja.}) ({La jugada} 13. g4 {
pueden neutralizarla las negras con el contragolpe en el centro:} d4 $1 14.
cxd4 Bxd4 15. g5 ({si} 15. Nxd4 Qxd4 16. g5 Nc6 17. Nb3 Qd5 18. Rg1 Ne5 {
la amenaza de ...Nf3+ es inquetante}) 15... Nc6 16. gxh6 Nb4 17. Be4 Nxe4 18.
Qxe4 Bf6 {y otra vez las negras están bien.}) 13... Bxe5 14. Qxe5 Nc6 15. Qg3
e5 16. Nb3 ({No sirve} 16. Nf3 Qf6 17. Ng5 Bf5 18. Bxf5 Qxf5 {
amenazando el jaque en d3.}) 16... Nxb3 17. Bxb3 ({Creo que era mejor jugar} 
17. axb3 Qf6 18. O-O {con igualdad.}) 17... Rf6 ({Pierde} 17... a4 $2 {por} 18.
Bxh6) 18. a4 Be6 19. O-O Qb6 20. Bc2 Raf8 21. Bd3 Kh8 $1 {Una jugada
que indica que Vallejo "ha leído" muy bien las siguientes jugadas de su rival
y prepara el posterior sacrificio de peón para tomar la iniciativa.} 22. Bb5
Bf5 $1 23. Bxc6 $2 {Las blancas caen inocentemente en la trampa de su rival.
Todavía podian detener la peligrosa iniciativa del jugador español que ahora
seguirá, por medio de} (23. h5 $1 {si} Be4 24. Be3 d4 {entonces} 25. Bd2 {
y no se ve como las negras pueden romper  la defensa de su adversario.}) 23...
Rg6 24. Qxe5 Be4 25. g3 bxc6 {Las casillas blancas están tremendamente
debilitadas. Además con los alfiles de diferente color la desventaja es mayor
y las dos torres están colocadas en las columnas "f" y "g", por lo que solo
hace falta colocar la dama en f3, cosa que no parece imposible en absoluto.}
26. Bf4 Rg4 27. Qc7 Qxb2 28. Bd6 {diagrama.} Qxc3 $3 {No se si las negras lo
calcularon todo o es un simple error con un final feliz. Pero parece  que las
negras cometen un error "óptico"  y esa ceguera virtual se contagia también a
su rival. De todas formas, la posición es muy  compleja y como demuestran los
análisis, las negras mantienen una ventaja decisiva. Sin embargo, parece más
sencillo} (28... Rxf2 $1 29. Rxf2 Qxa1+ 30. Rf1 Qa2 31. Rf2 Qb1+ 32. Rf1 Qc2
33. Rf2 Qc1+ 34. Rf1 Qe3+ 35. Rf2 Kh7 {y las negras tienen una ventaja clara.})
29. Rae1 $2 ({El jugador lituano podía intentar} 29. Bxf8 Qf3 30. Bxg7+ $1 Rxg7
(30... Kg8 31. Qd8+ Kxg7 32. Qd7+ Kh8 33. Qc8+ $1 Kh7 34. Qd7+ Rg7 {
es una transposición}) 31. Qc8+ Kh7 32. Qh3 {Las blancas han evitado el mate,
pero ahora los dos peones negras, según parece, deciden la partida.} c5 33.
Rfe1 c4 34. Rad1 (34. Re3 Rxg3+) 34... c3 {y las negras ganan. diagrama.})
29... Rxf2 $1 30. Qc8+ Kh7 31. Qxg4 Rg2+ 32. Kh1 Re2+ 0-1

[Event "36th Olympiad"]
[Site "Calvia ESP"]
[Date "2004.10.17"]
[Round "3"]
[White "Volokitin, Andrei"]
[Black "Babula, Vlastimil"]
[Result "1-0"]
[WhiteElo "2652"]
[BlackElo "2571"]
[Annotator "Ubilava, E"]
[PlyCount "63"]
[EventDate "2004.10.15"]
[Source "EDAMI"]
[SourceDate "2006.12.20"]

{El estilo de juego de nuestro protagonista podríamos calificarlo de "activo
posicional". V.Tukmakov, capitán del equipo ucraniano, le caracterizó como un
jugador que actúa según la posición. En esta partida Andrei utiliza una
novedad en la Variante Scheveningen con 13.a5. Me causaría sorpresa si este
sacrificio de peón fuera completamente correcto, pero otorga a las blancas una
iniciativa a corto plazo y exige a su adversario las respuesta precisas.
Parece que precisamente la búsqueda de la iniciativa atrae especialmente a
Volokitin y por eso está dispuesto a asumir un cierto riesgo. Debo admitir que
no me impresiona su estilo de juego, más bien me parece un poco "campechano",
pero hay que reconocer su eficacia. En fin, os dejo con la partida y con mis
breves comentarios.} 1. e4 c5 2. Nf3 d6 3. d4 cxd4 4. Nxd4 Nf6 5. Nc3 e6 6. Be2
Be7 7. O-O O-O 8. f4 a6 9. a4 Nc6 10. Be3 Qc7 11. Kh1 Re8 12. Qd2 Rb8 {
diagrama.} ({En la partida V.Anand-G.Kasparov Cto. Mundial de la PCA 1995, las
negras siguieron} 12... Bd7 13. Rad1 Rad8 14. Nb3 Bc8 15. Bf3 b6 16. Qf2 Nd7 {
con una posición equilibrada.}) 13. a5 $146 {Con este sacrificio las blancas
quieren romper "las reglas de juego" y desequilibrar a su rival. Por supuesto,
las negras deben aceptar el peón, pues de otro modo supondría un importante
logro posicional para las blancas.} Nxa5 14. e5 dxe5 15. fxe5 Nd7 16. Bf4 ({
La reacción inmediata} 16. Ndb5 axb5 17. Nxb5 Qxe5 18. Bf4 Qxb2 19. Bxb8 Nxb8
20. Rxa5 Nc6 {deja a las negras en una posición cómoda.}) 16... Nc4 {
Era difícil decidirse por} (16... Nxe5 {
pero parece una posibilidad bastante interesante, por ejemplo:} 17. Ncb5 axb5
18. Nxb5 ({no convence} 18. Qxa5 Qxa5 19. Rxa5 f6 20. Bxb5 Rd8 21. Nf3 b6 22.
Ra4 Bd6 23. Nxe5 Bxe5 24. Bxe5 fxe5 25. Bd3 Bb7) 18... Qc5 19. Qxa5 ({
no funciona} 19. b4 {por} Nac4 $1 20. bxc5 Nxd2 21. Bxe5 Nxf1 22. Bxb8 Ne3 23.
Nd6 Rf8 24. Rb1 Nxc2 25. Bf3 Nd4 26. Bxb7 Bxb7 27. Rxb7 Nc6 28. Bc7 Ra8) (19.
Rxa5 Rd8 20. Qe1 f6 21. Na3 Qd4 22. c3 Qe4 {
esta posición también es aceptable para las negras.}) 19... f6 20. Nc7 {
Esta jugada por lo menos evita riesgos excesivos} ({
ahora las blancas tienen varias opciones:} 20. Qc7 Qxc7 21. Nxc7 Rd8 22. Bxe5
fxe5 23. Bc4 ({tampoco está bien} 23. Bg4 Rd2 24. Rad1 Rxc2 25. Nxe6 h5 26. Bh3
Rxb2 {con ventaja material}) 23... Rd6 24. Rae1 $4 Rc6) 20... Rd8 (20... Qxa5
21. Rxa5 Rd8 22. Bxe5 fxe5 23. Rxe5 Bf6 24. Nxe6 Re8 25. Bc4 Bxe5 26. Nc7+ Be6
27. Bxe6+ Rxe6 28. Nxe6 {y es hora de acordar tablas}) 21. Qxc5 Bxc5 22. Bxe5
fxe5 23. Bc4 Rd6 24. Rad1 Rxd1 25. Rxd1 Be7 26. Nxe6 Bxe6 27. Bxe6+ Kh8 {
con igualdad.}) 17. Bxc4 Qxc4 18. b3 Qb4 (18... Qc7 19. Nd5 $1) 19. Ra4 Qb6 20.
Qf2 Ra8 ({Después de} 20... Rf8 21. Qg3 f5 (21... Kh8 22. Be3 Qc7 23. Rc4 Qd8
24. Rd1 Qe8 25. Nf3 {con incómoda posición para las negras}) 22. exf6 Rxf6 23.
Re1 {las blancas tienen una peligrosa iniciativa.}) 21. Be3 Rf8 {Diagrama.} 22.
Nf5 $1 Qd8 ({Babula no puede defenderse por medio de} 22... Bc5 {por} 23. Nh6+
$1 gxh6 24. Qg3+ Kh8 25. Bxh6 Rg8 26. Rg4 Rg6 27. Rxg6 fxg6 28. Na4 Qc7 29.
Nxc5 Qxc5 30. Qg5 {y es mate.}) 23. Nxe7+ Qxe7 24. Ne4 {Las blancas han
conseguido sus propósitos. Tienen una gran ventaja en el desarrollo y amenazan
jugar Bg5 destrozando la posición adversaria.} Nxe5 ({Pierde} 24... b5 {por}
25. Bg5 f6 26. exf6 gxf6 27. Nxf6+ Nxf6 (27... Rxf6 28. Bxf6 Nxf6 29. Rf4) 28.
Rf4) 25. Bc5 Qd8 26. Rd4 $1 {Lamentablemente para las negras, la cosa no acaba
sólo con la recuperación de material...} Nd7 ({
No es difícil rematar la partida después de} 26... Bd7 27. Qg3 f6 28. Bxf8 Qxf8
29. Nxf6+ Kh8 30. Qxe5) 27. Bxf8 Qxf8 28. Qd2 Qe7 29. Nd6 Nf6 {diagrama.} 30.
Nf5 $1 {!El golpe definitivo!} exf5 31. Rd8+ Ne8 32. Re1 1-0

[Event "36th Olympiad"]
[Site "Calvia ESP"]
[Date "2004.10.19"]
[Round "4"]
[White "Gelfand, Boris"]
[Black "Georgiev, Kiril"]
[Result "1-0"]
[WhiteElo "2693"]
[BlackElo "2625"]
[Annotator "Martin, A"]
[PlyCount "49"]
[EventDate "2004.10.15"]
[Source "EDAMI"]
[SourceDate "2006.12.20"]

1. d4 Nf6 2. c4 e6 3. g3 Bb4+ 4. Bd2 Be7 5. Bg2 d5 6. Nf3 O-O 7. O-O c6 8. Bf4
{Gelfand sigue una de las continuaciones más activas. En esta misma posición,
con la única diferencia de el alfil en su casilla original (c1), se emplea
bastante el plan simple b3-Bb2} Nbd7 9. Nc3 ({
Para aquellos que no gustan de sacrificar peones la alternativa aquí es} 9. Qc2
) 9... dxc4 10. e4 {Hay muchas partidas en esta posición, con jugadores muy
fuertes defendiendo el bando negro, como Kramnik y Vaganian.} a5 {
será muy profunda y lo que sea, pero es una jugada muy lenta.} ({
en lugar del texto,} 10... b5 {es la jugada más popular. La partida toma ahora
un sendero independiente de las principales líneas teóricas de la Catalana.})
11. Re1 Re8 12. d5 $1 cxd5 (12... exd5 13. exd5 {
no introduce ninguna mejoría inmediata en la posición negra.}) 13. exd5 Nc5 {
La jugada natural, aparentemente las negras han encontrado la mejor reacción
contra el avance central de las blancas.} 14. Ne5 {las blancas amenazan ahora
recuperar tranquilamente su peón después de lo cual la ventaja estaría sin
dudas de su parte, gracias al mejor desarrollo y la ubicación agresiva de sus
piezas. El siguiente cambio de peones era esperado.} exd5 15. Nxd5 Nxd5 $2 {
Diagrama #} ({De haber adivinado lo que ahora sigue, las negras hubieran jugado
} 15... Be6 {
manteniendo una posición razonable. Ahora llega una repentina debacle.}) 16.
Nxf7 $3 {Llega de repente este sacrificio, como un trueno en un cielo
despejado. Las variantes que presento demuestran que a partir de aquí, las
negras no tienen defensa contra el ataque arrollador que se les viene encima.}
Kxf7 ({en lugar de aceptar el sacrificio, la mejor defensa hubiera sido
ofrecer la dama por tres piezas menores con} 16... Nxf4 17. Nxd8 Rxd8 18. Qc2
Nfe6 19. Qxc4 {pero en esta posición resultante no hay suficiente compensación
por la dama debido a la falta de desarrollo y la situación comprometida de las
piezas negras en una situación tan abierta, en la cual las piezas pesadas
blancas son demasiado poderosas.}) 17. Bxd5+ Kg6 {Diagrama #} (17... Be6 $2 18.
Qh5+ Kg8 19. Rxe6 $1 Nxe6 20. Bxe6+ Kh8 21. Bf5) (17... Ne6 $2 18. Qh5+ {
es similar a la variante anterior}) (17... Kf8 $2 18. Qh5) 18. Re5 $1 {
Desde aquí la torre apoya la entrada de la dama y controla muchas casillas
vitales.} Bf5 {Diagrama #} ({parecía única} 18... h6 {pero después de} 19. Qc2+
(19. Qh5+ Kh7 20. Bf7 {también parece bastante fuerte}) 19... Kf6 (19... Nd3
20. Bxc4) 20. Bxc4 {y el rey negro en el centro no debe durar mucho.}) 19. Rxf5
$1 {Otro mazazo} Kxf5 20. Qh5+ Bg5 {
Las alternaticas conducían a un rápido mate.} 21. Qxh7+ Kf6 ({a} 21... g6 {
seguiría un remate espectacular con} 22. Qh3+ $1 Kf6 23. Bxg5+ {y si} Kxg5 24.
Qh4+ Kf5 25. Qf4#) 22. Bxg5+ Kxg5 {Aquí Fritz anuncia mate en 9, comenzando
con 23.f4+ pero la forma en que remata Gelfand es suficientemente fuerte.} 23.
Bf7 {Amenaza mate directo en g6} Qd6 24. Qxg7+ Kf5 25. Bxe8 {
Las negras abandonan porque a} (25. Bxe8 Rxe8 {sigue} 26. Qf7+) 1-0